| 000 | 00388nam a2200157Ia 4500 | ||
|---|---|---|---|
| 005 | 20240814115829.0 | ||
| 008 | 240813s9999||||xx |||||||||||||| ||und|| | ||
| 082 | _a512 THO | ||
| 100 | _aThompson, J.E. | ||
| 245 | 0 | _aAlgebra fo the practical man | |
| 250 | _a2nd ed | ||
| 260 |
_aToronto _bD. Van Nostrand Company Inc _c1946 |
||
| 300 | _axx,300p | ||
| 650 | _aMathematics | ||
| 942 | _cBK | ||
| 999 |
_c3319 _d3319 |
||